| 000 | 01615nam a22002417a 4500 | ||
|---|---|---|---|
| 001 | BH32725 | ||
| 003 | ES-SlBCS | ||
| 005 | 20260703100339.0 | ||
| 008 | 260703s1773 sp 1 spa | ||
| 040 |
_aES-SIBCS _bspa |
||
| 041 | 1 |
_aspa _hfre |
|
| 100 | 1 |
_aGiroust, Jacques _916659 |
|
| 245 | 1 | 3 |
_aEl pecador sin escusa ó los falsos pretextos con que suspende su conversión, _cen sermones de Quaresma, utiles a toda clase de personas, predicados en Idioma Francés por el R.mo P. Santiago Giroust, y traducidos al español por el Doctor D. Domingo Antonio González de la Portilla, Proto-Notario Apostolico, &c. _nTomo primero y tercero de la obra |
| 260 | 1 |
_aMadrid : _bEn la Imprenta de Pedro Marin _c, 1773 |
|
| 300 |
_a[6], 485, p. ; _c15 cm |
||
| 500 | _aGrabado en portada | ||
| 505 |
_aTabla de los Sermones contenidos en este primer tomo de Quaresma _tSermon para el Miercoles de Ceniza: Sobre la muerte 1 Sermon para el primer Jueves de Quaresma: Sobre la substracción y substitución de la Gracia Divina 42 Sermon para el5 primer Viernes de Quaresma: Sobre el perdón de las injurias 82 Sermon para el primer Domingo de Quaresma: Sobre el Ayuno 129 Sermón para el Lunes despues de la primera Dominica de Quaresma: Sobre el Juicio Final 178 Sermón para el Martes despues de la primera Dominica de Quaresma: Sobre la perfeccion o santidad christiana 224 |
||
| 561 | _aConvento de Jerez | ||
| 650 |
_aOratoria Sagrada _vSermones cuaresmales _yObras anteriores a 1800 _916660 |
||
| 700 | 1 |
_aGonzález de la Portilla, Domingo Antonio _etrad. _916661 |
|
| 752 |
_aEspaña _dMadrid |
||
| 942 |
_2lcc _cLA |
||
| 999 |
_c18528 _d21759 |
||